=LDR 00000nam 2200000 4500 =001 INLIS000000000013288 =005 20130612104714 =008 ***********************************Ind** =035 ##$$0010-061300000013288 =041 ##$$a Ind =082 ##$$a 351.007 2 =090 ##$$a 351.007 2, Wah a =100 ##$$a Wahab, Solichin Abdul =245 ##$$a Analisis kebijaksanaan dari formulasi ke implementasi kebijaksanaan negara, Solichin Abdul Wahab =260 ##$$a 2004 $b Jakarta =300 ##$$a 123 hlm, 21 cm =650 ##$$a Kebijaksanaan, Ilmu =850 ##$$a NBPNMAT